Cyclisme : Cyclistes Italiens en WT et ProTeam saison 2023 - Statistiques

Statistiques générales
  • Ce quiz a été pris 30 fois
  • Le résultat moyen est 45 sur 125
Statistiques - réponses
Hint Réponse % Correct
INEOS Grenadiers Filippo GANNA
89%
Jumbo-Visma Edoardo AFFINI
85%
EOLO-Kometa Lorenzo FORTUNATO
85%
Bahrain - Victorious Damiano CARUSO
81%
Soudal - Quick Step Mattia CATTANEO
81%
AG2R Citroën Team Andrea VENDRAME
78%
Team Corratec - Selle Italia Attilio VIVIANI
78%
INEOS Grenadiers Elia VIVIANI
78%
Team Jayco AlUla Filippo ZANA
78%
Lidl - Trek Giulio CICCONE
78%
Bahrain - Victorious Jonathan MILAN
78%
EF Education-EasyPost Alberto BETTIOL
74%
Soudal - Quick Step Fausto MASNADA
74%
Team Arkéa Samsic Luca MOZZATO
74%
INEOS Grenadiers Salvatore PUCCIO
70%
UAE Team Emirates Alessandro COVI
67%
Soudal - Quick Step Andrea BAGIOLI
67%
Intermarché - Circus - Wanty Lorenzo ROTA
67%
Alpecin-Deceuninck Stefano OLDANI
67%
Team dsm - firmenich Alberto DAINESE
63%
Astana Qazaqstan Team Antonio NIBALI
63%
EOLO-Kometa Davide BAIS
63%
Lotto Dstny Jacopo GUARNIERI
63%
EOLO-Kometa Mattia BAIS
63%
Cofidis Simone CONSONNI
63%
Astana Qazaqstan Team Simone VELASCO
63%
Bahrain - Victorious Antonio TIBERI
59%
Soudal - Quick Step Davide BALLERINI
59%
BORA - hansgrohe Giovanni ALEOTTI
59%
UAE Team Emirates Matteo TRENTIN
59%
Alpecin-Deceuninck Nicola CONCI
59%
Astana Qazaqstan Team Christian SCARONI
56%
UAE Team Emirates Diego ULISSI
56%
Israel - Premier Tech Giacomo NIZZOLO
56%
BORA - hansgrohe Matteo FABBRO
56%
EOLO-Kometa Vincenzo ALBANESE
56%
Team Jayco AlUla Alessandro DE MARCHI
52%
Cofidis Davide CIMOLAI
52%
UAE Team Emirates Davide FORMOLO
52%
Israel - Premier Tech Domenico POZZOVIVO
52%
Astana Qazaqstan Team Gianni MOSCON
52%
EOLO-Kometa Mirco MAESTRI
52%
Groupama - FDJ Lorenzo GERMANI
48%
Team dsm - firmenich Lorenzo MILESI
48%
Q36.5 Pro Cycling Team Matteo MOSCHETTI
48%
Team Arkéa Samsic Alessandro VERRE
44%
EF Education-EasyPost Andrea PICCOLO
44%
Bahrain - Victorious Edoardo ZAMBANINI
44%
Lidl - Trek Filippo BARONCINI
44%
Green Project-Bardiani CSF-Faizanè Giulio PELLIZZARI
44%
Astana Qazaqstan Team Samuele BATTISTELLA
44%
TotalEnergies Daniel OSS
41%
Green Project-Bardiani CSF-Faizanè Filippo FIORELLI
41%
Alpecin-Deceuninck Jakub MARECZKO
41%
Intermarché - Circus - Wanty Niccolò BONIFAZIO
41%
Intermarché - Circus - Wanty Simone PETILLI
41%
Bahrain - Victorious Andrea PASQUALON
37%
Alpecin-Deceuninck Kristian SBARAGLI
37%
Astana Qazaqstan Team Leonardo BASSO
37%
Israel - Premier Tech Marco FRIGO
37%
Green Project-Bardiani CSF-Faizanè Alessandro TONELLI
33%
EOLO-Kometa Davide PIGANZOLI
33%
Astana Qazaqstan Team Gianmarco GAROFOLI
33%
Team Jayco AlUla Matteo SOBRERO
33%
Team Corratec - Selle Italia Valerio CONTI
33%
Astana Qazaqstan Team Fabio FELLINE
30%
Q36.5 Pro Cycling Team Filippo CONCA
30%
Lidl - Trek Jacopo MOSCA
30%
Green Project-Bardiani CSF-Faizanè Alex TOLIO
26%
Green Project-Bardiani CSF-Faizanè Davide GABBURO
26%
Q36.5 Pro Cycling Team Gianluca BRAMBILLA
26%
Astana Qazaqstan Team Manuele BOARO
26%
Green Project-Bardiani CSF-Faizanè Martin MARCELLUSI
26%
Green Project-Bardiani CSF-Faizanè Alessio MARTINELLI
22%
EOLO-Kometa Andrea PIETROBON
22%
Astana Qazaqstan Team Davide MARTINELLI
22%
EOLO-Kometa Giovanni LONARDI
22%
Green Project-Bardiani CSF-Faizanè Luca COVILI
22%
Green Project-Bardiani CSF-Faizanè Manuele TAROZZI
22%
Bingoal WB Matteo MALUCELLI
22%
EOLO-Kometa Davide DE CASSAN
19%
Bingoal WB Davide PERSICO
19%
Green Project-Bardiani CSF-Faizanè Enrico ZANONCELLO
19%
EOLO-Kometa Francesco GAVAZZI
19%
Equipo Kern Pharma Giovanni CARBONI
19%
Team Jayco AlUla Kevin COLLEONI
19%
Bingoal WB Marco TIZZA
19%
Q36.5 Pro Cycling Team Walter CALZONI
19%
Green Project-Bardiani CSF-Faizanè Alessandro PINARELLO
15%
Green Project-Bardiani CSF-Faizanè Lorenzo CONFORTI
15%
Team Corratec - Selle Italia Lorenzo QUARTUCCI
15%
Team Corratec - Selle Italia Matteo AMELLA
15%
Bahrain - Victorious Nicolò BURATTI
15%
Q36.5 Pro Cycling Team Nicolò PARISINI
15%
Green Project-Bardiani CSF-Faizanè Samuele ZOCCARATO
15%
Team Corratec - Selle Italia Alessandro IACCHI
11%
Team Corratec - Selle Italia Alexander KONYCHEV
11%
Team Novo Nordisk Andrea PERON
11%
Lidl - Trek Dario CATALDO
11%
Green Project-Bardiani CSF-Faizanè Filippo MAGLI
11%
Team Corratec - Selle Italia Marco MURGANO
11%
Team Corratec - Selle Italia Nicolas DALLA VALLE
11%
EOLO-Kometa Samuele RIVI
11%
Q36.5 Pro Cycling Team Alessandro FEDELI
7%
Green Project-Bardiani CSF-Faizanè Alessio NIERI
7%
Green Project-Bardiani CSF-Faizanè Luca COLNAGHI
7%
Green Project-Bardiani CSF-Faizanè Riccardo LUCCA
7%
EOLO-Kometa Simone RACCANI
7%
Team Novo Nordisk Umberto POLI
7%
EOLO-Kometa Andrea GAROSIO
4%
Team Novo Nordisk Filippo RIDOLFO
4%
Green Project-Bardiani CSF-Faizanè Matteo SCALCO
4%
Green Project-Bardiani CSF-Faizanè Mattia PETRUCCI
4%
Team Corratec - Selle Italia Samuele ZAMBELLI
4%
EOLO-Kometa Simone BEVILACQUA
4%
Team Corratec - Selle Italia Stefano GANDIN
4%
EOLO-Kometa Alessandro FANCELLU
0%
Green Project-Bardiani CSF-Faizanè Alessandro SANTAROMITA
0%
Q36.5 Pro Cycling Team Antonio PUPPIO
0%
Team Corratec - Selle Italia Davide BALDACCINI
0%
Team Corratec - Selle Italia Giulio MASOTTO
0%
Green Project-Bardiani CSF-Faizanè Luca CAVALLO
0%
Green Project-Bardiani CSF-Faizanè Luca PALETTI
0%
Green Project-Bardiani CSF-Faizanè Luca RASTELLI
0%
Team Corratec - Selle Italia Simone OLIVERO
0%
Aucun quiz correspondant
Distribution des résultats
% des personnes avec chaque résultat
Percentile par nombre de réponses
Votre historique - résultats
Vous n’avez pas pris ce quiz